The shabby paradise; the autobiography of a decade / (Record no. 186064)

000 -LEADER
fixed length control field 00820 a2200169 4500
003 - CONTROL NUMBER IDENTIFIER
control field Nust
005 - DATE AND TIME OF LATEST TRANSACTION
control field 20230126150935.0
040 ## - CATALOGING SOURCE
Transcribing agency Nust
082 ## - DEWEY DECIMAL CLASSIFICATION NUMBER
Classification number 828.91,BAI
100 ## - MAIN ENTRY--PERSONAL NAME
Personal name Baillie, Eileen.
9 (RLIN) 107800
245 ## - TITLE STATEMENT
Title The shabby paradise; the autobiography of a decade /
Statement of responsibility, etc. by Dick Hart
260 ## - PUBLICATION, DISTRIBUTION, ETC.
Place of publication, distribution, etc. London,
Name of publisher, distributor, etc. Hutchinson
Date of publication, distribution, etc. [1958]
300 ## - PHYSICAL DESCRIPTION
Extent 222 p.
Other physical details illus. 22 cm.
505 ## - FORMATTED CONTENTS NOTE
Formatted contents note View from a Slum Window (Page-11), East of Aldgate Pump (Page-35), The Finest Playground in London (Page-53), The Penitent Bargee (Page-69), The Sheet Anchor (Page-85), Born in the Cloth (Page-99), A Piece of Tarred Twine (Page-115), Edwardian Nursery (Page-135), Matthew Mark Luke and John (Page-153), Rural Pursuits (Page-171), Urban Diversions (Page-187), Popular Pavements (Page-201).
650 ## - SUBJECT ADDED ENTRY--TOPICAL TERM
Topical term or geographic name entry element Fiction
9 (RLIN) 3172
942 ## - ADDED ENTRY ELEMENTS (KOHA)
Source of classification or shelving scheme
Koha item type Book
Holdings
Withdrawn status Lost status Source of classification or shelving scheme Damaged status Not for loan Permanent Location Current Location Shelving location Date acquired Full call number Barcode Date last seen Price effective from Koha item type Public note
          Military College of Signals (MCS) Military College of Signals (MCS) General Stacks 12/12/2016 828.91,BAI MCS29258 12/08/2016 12/12/2016 Book Almirah No.58, Shelf No.1
© 2023 Central Library, National University of Sciences and Technology. All Rights Reserved.